ग्रंथकल्याणी / (Record no. 18134)

MARC details
000 -LEADER
fixed length control field 01291nam a22002657a 4500
005 - DATE AND TIME OF LATEST TRANSACTION
control field 20081021161511.0
008 - FIXED-LENGTH DATA ELEMENTS--GENERAL INFORMATION
fixed length control field 081021t xxu||||| |||| 00| 0mar d
010 ## - LCCN (DPL NO)
LC control number MAR-19924
020 ## - INTERNATIONAL STANDARD BOOK NUMBER
Terms of availability 250.00
035 ## - SYSTEM CONTROL NUMBER
System control number MR-12582
037 ## - SOURCE OF ACQUISITION
Source of stock number/acquisition DBAD / PUB
040 ## - CATALOGING SOURCE
Original cataloging agency DPL
Language of cataloging MR
082 ## - DEWEY DECIMAL CLASSIFICATION NUMBER
Classification number 027
100 ## - MAIN ENTRY--PERSONAL NAME
Personal name भामरे, जितेन्द्र सुरेश
9 (RLIN) 24657
245 ## - TITLE STATEMENT
Title ग्रंथकल्याणी /
Statement of responsibility, etc जितेंद्र् सुरेश भामरे तथा प्रशांत वसंत मुल्हेरकर
246 ## - VARYING FORM OF TITLE
Title proper/short title Garanthkalyani
Remainder of title by Jitender Suresh Bhamre & Parshant Bansant Mulherakar
260 ## - PUBLICATION, DISTRIBUTION, ETC. (IMPRINT)
Place of publication, distribution, etc कल्याण
Name of publisher, distributor, etc सार्वजनिक वाचनालय
Date of publication, distribution, etc 2008
270 ## - ADDRESS
Address शिवाजी चौक
City कल्याण
300 ## - PHYSICAL DESCRIPTION
Extent 220 पृ
Other physical details सचित्र
Dimensions 22सेमी (अजिल्द)
650 ## - SUBJECT ADDED ENTRY--TOPICAL TERM
Topical term or geographic name as entry element ग्रंथालय
9 (RLIN) 24658
650 ## - SUBJECT ADDED ENTRY--TOPICAL TERM
Topical term or geographic name as entry element Genral Libraries
9 (RLIN) 24659
700 ## - ADDED ENTRY--PERSONAL NAME
Personal name मुल्हेरकर, प्रशांत वसंत
9 (RLIN) 24660
942 ## - ADDED ENTRY ELEMENTS (KOHA)
Source of classification or shelving scheme Dewey Decimal Classification
Item type Marathi Books
Classification part 027
Call number suffix भामरे
Holdings
Withdrawn status Lost status Source of classification or shelving scheme Damaged status Not for loan Collection code Home library Current library Date acquired Source of acquisition Cost, normal purchase price Total Checkouts Full call number Barcode Date last seen Copy number Cost, replacement price Koha item type
    Dewey Decimal Classification   Not For Loan Non-fiction D.B.Act.Division D.B.Act.Division 06/11/2008 DBAD / PUB 250.00   027 भामरे MR-12582 06/11/2008 1 250.00 Marathi Books

© Delhi Public Library
Hit Counter
free hit counter